Guess the Fusion Rock Song Lyrics #309 - Statistics

General Stats
  • This quiz has been taken 17 times
  • The average score is 236 of 319
Answer Stats
Answer % Correct
a
100%
and
100%
be
100%
can
100%
do
100%
I
100%
love
100%
me
100%
the
100%
then
100%
to
100%
can't
93%
it
93%
It's
93%
it's
93%
on
93%
we
93%
when
93%
Where
93%
Why
93%
you
93%
your
93%
You're
93%
don't
86%
I'm
86%
like
86%
my
86%
Oh
86%
oh
86%
so
86%
as
79%
at
79%
day
79%
got
79%
Got
79%
in
79%
just
79%
with
79%
all
71%
But
71%
from
71%
How
71%
I've
71%
make
71%
way
71%
You've
71%
you've
71%
away
64%
by
64%
for
64%
heart
64%
man
64%
sunny
64%
this
64%
time
64%
baby
57%
Cause
57%
free
57%
play
57%
use
57%
won't
57%
yeah
57%
around
50%
hurt
50%
mess
50%
shame
50%
Shame
50%
throw
50%
try
50%
show
43%
Spinners
43%
alone
29%
call
29%
chains
29%
child
29%
fool
29%
prison
29%
true
29%
confuse
21%
cruel
21%
emotions
21%
must
21%
sitting
21%
stand
21%
stay
21%
telephone
21%
Waiting
21%
back
14%
looking
14%
Ow
14%
serve
14%
served
14%
appreciate
7%
complain
7%
confined
0%
No matching quizzes found
Score Distribution
Percent of People with Each Score
Percentile by Number Answered
Your Score History
You have not taken this quiz